<?xml version="1.0" encoding="UTF-8"?><?xml-stylesheet type="text/xsl" href="static/style.xsl"?><OAI-PMH xmlns="http://www.openarchives.org/OAI/2.0/" xmlns:xsi="http://www.w3.org/2001/XMLSchema-instance" xsi:schemaLocation="http://www.openarchives.org/OAI/2.0/ http://www.openarchives.org/OAI/2.0/OAI-PMH.xsd"><responseDate>2026-04-19T11:36:21Z</responseDate><request verb="GetRecord" identifier="oai:www.recercat.cat:2072/417386" metadataPrefix="marc">https://recercat.cat/oai/request</request><GetRecord><record><header><identifier>oai:recercat.cat:2072/417386</identifier><datestamp>2025-02-22T02:27:44Z</datestamp><setSpec>com_2072_98</setSpec><setSpec>col_2072_378192</setSpec></header><metadata><record xmlns="http://www.loc.gov/MARC21/slim" xmlns:dcterms="http://purl.org/dc/terms/" xmlns:xsi="http://www.w3.org/2001/XMLSchema-instance" xmlns:doc="http://www.lyncode.com/xoai" xsi:schemaLocation="http://www.loc.gov/MARC21/slim http://www.loc.gov/standards/marcxml/schema/MARC21slim.xsd">
   <leader>00925njm 22002777a 4500</leader>
   <datafield ind2=" " ind1=" " tag="042">
      <subfield code="a">dc</subfield>
   </datafield>
   <datafield ind2=" " ind1=" " tag="720">
      <subfield code="a">Marques, Maurício Pinto</subfield>
      <subfield code="e">author</subfield>
   </datafield>
   <datafield ind2=" " ind1=" " tag="720">
      <subfield code="a">Sousa, Catarina Dinis Pereira de</subfield>
      <subfield code="e">author</subfield>
   </datafield>
   <datafield ind2=" " ind1=" " tag="720">
      <subfield code="a">Cruz Feliu, Jaume</subfield>
      <subfield code="e">author</subfield>
   </datafield>
   <datafield ind2=" " ind1=" " tag="260">
      <subfield code="c">2013</subfield>
   </datafield>
   <datafield ind2=" " ind1=" " tag="520">
      <subfield code="a">L'objectiu d'aquest treball és investigar quines són les estratègies utilitzades per entrenadors de futbol per a l'ensenyament de competències de vida a joves que viuen en zones de risc d'exclusió social. Per a això entrevistem cinc entrenadors de futbol (quatre homes i una dona) amb edats entre 19 i 40 anys. Es va indagar sobre com gestionaven els entrenaments dels seus equips, quina era la seva filosofia d'entrenament i els seus mètodes de treball. L'anàlisi de contingut de les entrevistes es va fer basant-se en les dimensions anomenades estratègies efectives d'entrenament i estratègies de desenvolupament de joves creades en l'estudi de Gould, Collins, Lauer i Chung (2007). S'han identificat dues categories noves dins la primera dimensió: comunicació i actuació. Les estratègies de desenvolupament de joves es van agrupar en les categories "estratègies de millora de participació" i "ensenyament de competències de vida", igual que en el treball original de Gould, Collins et al. (2007). També s'ha esbrinat i agrupat les competències de vida facilitades o desenvolupades per la pràctica esportiva, les quals es poden traslladar a altres àmbits com el familiar, l'educatiu o el professional.</subfield>
   </datafield>
   <datafield ind2=" " ind1=" " tag="520">
      <subfield code="a">El objetivo de este trabajo es investigar cuáles son las estrategias utilizadas por entrenadores de fútbol para la enseñanza de competencias de vida a jóvenes que viven en zonas de riesgo de exclusión social. Para eso entrevistamos cinco entrenadores de fútbol (cuatro hombres y una mujer) con edades entre 19 y 40 años. Se indagó sobre cómo gestionaban los entrenamientos de sus equipos, cuál era su filosofía de entrenamiento y sus métodos de trabajo. El análisis de contenido de las entrevistas se hizo en base a las dimensiones llamadas estrategias efectivas de entrenamiento y estrategias de desarrollo de jóvenes creadas en el estudio de Gould, Collins, Lauer y Chung (2007). Se han identificado dos categorías nuevas dentro de la primera dimensión: comunicación y actuación. Las estrategias de desarrollo de jóvenes se agruparon en las categorías: "estrategias de mejora de participación" y "enseñanza de competencias de vida", igual que en el trabajo original de Gould, Collins et al. (2007). También se ha averiguado y agrupado cuáles son las competencias de vida facilitadas o desarrolladas por la práctica deportiva, que se pueden trasladar a otros ámbitos como el familiar, el educativo o el profesional.</subfield>
   </datafield>
   <datafield ind2=" " ind1=" " tag="520">
      <subfield code="a">The objective of this work is to investigate what strategies are used by soccer coaches to teach life skills to young people living in areas at risk of social exclusion. Five football coaches were interviewed (four men and one woman), aged between 19 and 40 years. Questions were asked about how they managed their teams' training sessions, what their training philosophy was and what methods of work they had. The content analysis of the interviews was based on the dimensions called effective training strategies and youth development strategies created in the study of Gould, Collins, Lauer and Chung (2007). We have identified two new categories in the first dimension: communication and action. The youth development strategies were grouped into these categories: strategies to improve participation and life skills education, as in the original work of Gould, Collins et al. (2007). It also found and grouped the life competencies provided or developed by sport, which can be transferred to other areas such as family, education or professional activity.</subfield>
   </datafield>
   <datafield tag="653" ind2=" " ind1=" ">
      <subfield code="a">Competències de vida</subfield>
   </datafield>
   <datafield tag="653" ind2=" " ind1=" ">
      <subfield code="a">Estratègies d'ensenyament</subfield>
   </datafield>
   <datafield tag="653" ind2=" " ind1=" ">
      <subfield code="a">Risc d'exclusió</subfield>
   </datafield>
   <datafield tag="653" ind2=" " ind1=" ">
      <subfield code="a">Futbol</subfield>
   </datafield>
   <datafield tag="653" ind2=" " ind1=" ">
      <subfield code="a">Desenvolupament positiu de joves</subfield>
   </datafield>
   <datafield tag="653" ind2=" " ind1=" ">
      <subfield code="a">Competencias de vida</subfield>
   </datafield>
   <datafield tag="653" ind2=" " ind1=" ">
      <subfield code="a">Estrategias de enseñanza</subfield>
   </datafield>
   <datafield tag="653" ind2=" " ind1=" ">
      <subfield code="a">Riesgo de exclusión</subfield>
   </datafield>
   <datafield tag="653" ind2=" " ind1=" ">
      <subfield code="a">Fútbol</subfield>
   </datafield>
   <datafield tag="653" ind2=" " ind1=" ">
      <subfield code="a">Desarrollo positivo de jóvenes</subfield>
   </datafield>
   <datafield tag="653" ind2=" " ind1=" ">
      <subfield code="a">Life skills</subfield>
   </datafield>
   <datafield tag="653" ind2=" " ind1=" ">
      <subfield code="a">Teaching strategies</subfield>
   </datafield>
   <datafield tag="653" ind2=" " ind1=" ">
      <subfield code="a">Risk of exclusion</subfield>
   </datafield>
   <datafield tag="653" ind2=" " ind1=" ">
      <subfield code="a">Soccer</subfield>
   </datafield>
   <datafield tag="653" ind2=" " ind1=" ">
      <subfield code="a">Positive youth development</subfield>
   </datafield>
   <datafield ind2="0" ind1="0" tag="245">
      <subfield code="a">Estratègies per a l'ensenyament de competències de vida a través de l'esport en joves en risc d'exclusió social</subfield>
   </datafield>
</record></metadata></record></GetRecord></OAI-PMH>